|
|
|
|
| LEADER |
00850nab a2200205 i 4500 |
| 001 |
acta30505 |
| 005 |
20260128111033.0 |
| 008 |
161017s2012 hu o 000 hun d |
| 022 |
|
|
|a 0324-6965
|
| 040 |
|
|
|a SZTE Egyetemi Kiadványok Repozitórium
|b hun
|
| 041 |
|
|
|a hun
|
| 100 |
2 |
|
|a A. Sajti Enikő
|
| 245 |
1 |
0 |
|a Kisajátítások, államosítások Jugoszláviában 1945 után és a magyar vagyonok
|h [elektronikus dokumentum] /
|c A. Sajti Enikő
|
| 260 |
|
|
|a University of Szeged, Magyar Medievisztikai Kutatócsoport
|b Szeged
|c 2012
|
| 300 |
|
|
|a 99-115
|
| 490 |
0 |
|
|a Acta Universitatis Szegediensis : acta historica
|v 134
|
| 650 |
|
4 |
|a Bölcsészettudományok
|
| 650 |
|
4 |
|a Történettudomány és régészet
|
| 695 |
|
|
|a Kisebbség - magyar - Jugoszlávia - 1945-
|
| 856 |
4 |
0 |
|u http://acta.bibl.u-szeged.hu/30505/1/historica_134_099-115.pdf
|z Dokumentum-elérés
|